000 01661nam a2200385 c 4500
003 BLK
005 20230818105228.0
008 180411b bul|||||r ||||||| ||bul||
010 _aKNG00198739000
020 _a978-954-685-607-4
_bиздат.: СофтПрес
040 _aBLK
041 _aENG
_cBUL
_hBUL
072 7 _2bullib
_aН80
_xЕзикознание Н
080 _aАнглийски език
_b811.111
_x-3(035)
_z811.111-3(035)
100 1 _aБраун, Алис
_eпърви автор
_9344931
700 1 _aИванова, Теодора
_eпрев. от нем.
_9384740
139 _aБраун, Алис
_bБ 78
245 1 0 _a[Две хиляди] 2000 Английски думи за 15 дни
_cАлис Браун; прев. от нем. Теодора Иванова.
257 _aDEU
260 София
_bСофтПрес
_c2009
300 _a144 с.
_c21 см
_e1 CD
380 _a80
500 _aОриг. загл. Die 2000 wichtigsten Worter Englisch. - Името на авт. отбелязано на гърба на загл. с., на прев. - в изд. каре. - Прил. със същото загл. и сигн. CD 4276.
650 4 _aАнглийски език - лексика - справочници
_9302215
653 _aанглийски език
653 _aлексикология
653 _aсправочници
659 _aН
852 _aЦб 283808
856 4 _qpdf
_u
856 4 _qpdf
_u
942 _cKNG
_n0
_01
944 _aCR
_c22.12.2016
_lТеодора Пейчева-Дянкова
_k30556
944 _aED
_c06.02.2017
_lф /
_kЛюдмила_Стоянова
999 _c189693
_d189693